Countries with "Technically" the Most Languages - Statistics

General Stats
  • This quiz has been taken 17 times
  • The average score is 14 of 20
Answer Stats
# of languages Country % Correct
108,305 China
88%
95,459 India
88%
111,709 Indonesia
88%
45,335 United States
88%
120,228 Brazil
81%
50,215 D.R. Congo
81%
90,292 Mexico
81%
150,840 Papua New Guinea
81%
80,092 Peru
75%
30,031 South Africa
75%
70,319 Australia
69%
34,038 Bolivia
69%
85,065 Colombia
69%
32,183 Philippines
69%
36,040 Venezuela
69%
38,024 Ecuador
63%
55,532 Nigeria
63%
27,073 Thailand
56%
28,018 Madagascar
38%
40,275 Cameroon
31%
No matching quizzes found
Score Distribution
Percent of People with Each Score
Percentile by Number Answered
Your Score History
You have not taken this quiz